[Event "Tata Steel Chess India 2024 - Blitz"]
[Site "Kolkata"]
[Date "17.11.2024"]
[Round "12B"]
[White "Dubov, Daniil"]
[Black "Nihal, Sarin"]
[Result "1-0"]
[WhiteTitle "GM"]
[BlackTitle "GM"]
[WhiteElo "2693"]
[BlackElo "2676"]
[WhiteFideId "24126055"]
[BlackFideId "25092340"]
[EventDate "2024.11.16"]

1. d4 Nf6 2. c4 e6 3. Nf3 b6 4. g3 Bb4+ 5. Nbd2 Bb7 6. Bg2 O-O 7. O-O a5 8. Qc2
d5 9. Ne5 c5 10. Ndf3 cxd4 11. Nxd4 Bc5 12. Rd1 Nbd7 13. Nxd7 Qxd7 14. Bg5 Ne4
15. Bxe4 dxe4 16. Nb3 Qa4 17. Qc3 e3 18. Bxe3 Bxe3 19. Qxe3 Qxc4 20. Rac1 Qa4
21. a3 Bd5 22. Nd4 Rac8 23. f3 h6 24. Kf2 Rc5 25. Ra1 Rfc8 26. Rd2 Qe8 27. Rad1
a4 28. Nf5 Rd8 29. Qe5 f6 30. Qe3 Qf7 31. Nd4 Re8 32. Rc2 e5 33. Rxc5 exd4 34.
Qxd4 bxc5 35. Qxd5 Re6 36. Qxc5 Re5 37. Qc8+ Kh7 38. Qc2+ f5 39. Qxa4 Qh5 40. h4
Qg6 41. Rd2 Qe6 42. Qd4 Rb5 43. b4 Qb3 44. Qd3 1-0

[Event "Tata Steel Chess India 2024 - Blitz"]
[Site "Kolkata"]
[Date "17.11.2024"]
[Round "13B"]
[White "Dubov, Daniil"]
[Black "Narayanan, S.L."]
[Result "1/2-1/2"]
[WhiteTitle "GM"]
[BlackTitle "GM"]
[WhiteElo "2693"]
[BlackElo "2647"]
[WhiteFideId "24126055"]
[BlackFideId "5058422"]
[EventDate "2024.11.16"]

1. d4 Nf6 2. Nf3 d5 3. Bg5 Ne4 4. Bh4 c5 5. e3 cxd4 6. exd4 Nc6 7. Nbd2 Bg4 8.
Be2 Nxd2 9. Qxd2 Qb6 10. c3 e6 11. O-O h6 12. Rae1 Bd6 13. Bg3 Bxg3 14. fxg3 O-O
15. Kh1 Qc7 16. Nh4 Bxe2 17. Rxe2 Rae8 18. Ref2 Na5 19. Rf3 Nc4 20. Qf2 Qe7 21.
Qe2 Nd6 22. Re3 Ne4 23. Nf3 f6 24. Nd2 Nxd2 25. Qxd2 Qd6 26. Rd3 b5 27. Re1 Re7
28. g4 a5 29. a3 b4 30. axb4 axb4 31. cxb4 Rb8 32. Rb3 Reb7 33. Rbe3 Qxb4 34.
Qd1 Qxb2 35. Rxe6 Rb4 36. g5 Qxd4 37. Qxd4 Rxd4 38. gxh6 Re4 39. R6xe4 dxe4 40.
hxg7 f5 41. g4 fxg4 42. Rxe4 Kxg7 43. Rxg4+ Kh6 44. Kg2 Rb2+ 45. Kh3 Rb5 46.
Rh4+ Rh5 47. Rxh5+ Kxh5 48. Kg2 Kh6 49. h4 Kh7 50. h5 Kh8 51. h6 Kh7 52. Kg3 Kh8 1/2-1/2

[Event "Tata Steel Chess India 2024 - Blitz"]
[Site "Kolkata"]
[Date "17.11.2024"]
[Round "13B"]
[White "Abdusattorov, Nodirbek"]
[Black "Carlsen, Magnus"]
[Result "1/2-1/2"]
[WhiteTitle "GM"]
[BlackTitle "GM"]
[WhiteElo "2777"]
[BlackElo "2831"]
[WhiteFideId "14204118"]
[BlackFideId "1503014"]
[EventDate "2024.11.16"]

1. d4 d5 2. Nf3 Nf6 3. Bf4 c5 4. e3 Nc6 5. Nbd2 cxd4 6. exd4 Bf5 7. Bb5 Qb6 8.
c4 dxc4 9. a4 Bd3 10. Ne5 e6 11. Ndxc4 Bb4+ 12. Bd2 Bxd2+ 13. Qxd2 Bxc4 14. Nxc4
Qc7 15. Ne5 Qd6 16. Rc1 Rc8 17. O-O O-O 18. Bxc6 bxc6 19. Rc4 Nd7 20. Nxd7 Qxd7
21. Rfc1 Rfd8 22. Qa5 h6 23. h3 Qc7 24. Qa6 Rb8 25. Rxc6 Qf4 26. Rc8 Qxd4 27.
Rxb8 Rxb8 28. Rc8+ Rxc8 29. Qxc8+ Kh7 30. Qc2+ f5 31. a5 Qb4 32. a6 Qb5 33. Qc8
Qxb2 34. Qxe6 Qc1+ 35. Kh2 Qf4+ 36. Kg1 Qc1+ 37. Kh2 Qf4+ 1/2-1/2

[Event "Tata Steel Chess India 2024 - Blitz"]
[Site "Kolkata"]
[Date "17.11.2024"]
[Round "13B"]
[White "Keymer, Vincent"]
[Black "Vidit, Santosh Gujrathi"]
[Result "1-0"]
[WhiteTitle "GM"]
[BlackTitle "GM"]
[WhiteElo "2733"]
[BlackElo "2739"]
[WhiteFideId "12940690"]
[BlackFideId "5029465"]
[EventDate "2024.11.16"]

1. c4 e5 2. g3 h5 3. d4 exd4 4. Nf3 Nc6 5. Bg2 h4 6. Nxh4 Rxh4 7. gxh4 Qxh4 8.
Nd2 Nf6 9. Nf3 Qg4 10. Kf1 Bc5 11. Qd2 d6 12. Qg5 Be6 13. b3 a5 14. Qxg4 Nxg4
15. Ng5 Bf5 16. Be4 Bd7 17. a3 Ke7 18. h3 Nge5 19. f4 Ng6 20. h4 Rh8 21. h5 Nf8
22. Bd2 f6 23. Nf3 Be8 24. Rg1 Rxh5 25. Rxg7+ Kd8 26. Kg2 Ne6 27. Rh7 Rxh7 28.
Bxh7 Bb6 29. b4 Ne7 30. Be4 c6 31. bxa5 Bc5 32. Kg3 f5 33. Bd3 Ng7 34. a4 Nh5+
35. Kf2 Nf6 36. Ng5 Bd7 37. Rh1 d5 38. cxd5 Nexd5 39. Kf3 Nc3 40. a6 bxa6 41.
Bxa6 Nxa4 42. Ba5+ Ke7 43. Bd3 Nc3 44. Bxc3 dxc3 45. Rc1 Bb4 46. e3 c5 47. Ke2
Nd5 48. Rh1 Nb6 49. Rh7+ Ke8 50. Rh6 Na4 51. Rh8+ Ke7 52. Rh7+ Ke8 53. Rxd7 c2
54. Bxc2 Nc3+ 55. Kf3 Kxd7 56. Bxf5+ Ke7 57. Bd3 Nd5 58. e4 Nc7 59. Bc4 Bc3 60.
e5 Bd2 61. Ke4 Ne8 62. Nh7 Bc1 63. f5 Bh6 64. f6+ Kd8 65. f7 Ke7 66. fxe8=Q+
Kxe8 67. Nf6+ Kd8 68. e6 Bg7 69. Nd5 Bf8 70. Kf5 Bd6 71. Kg6 Ke8 72. Bb5+ Kf8
73. Kf6 Kg8 74. Ne7+ Kh7 75. Nf5 Bf8 76. Kf7 1-0

[Event "Tata Steel Chess India 2024 - Blitz"]
[Site "Kolkata"]
[Date "17.11.2024"]
[Round "13B"]
[White "So, Wesley"]
[Black "Praggnanandhaa, Rameshbabu"]
[Result "1-0"]
[WhiteTitle "GM"]
[BlackTitle "GM"]
[WhiteElo "2747"]
[BlackElo "2737"]
[WhiteFideId "5202213"]
[BlackFideId "25059530"]
[EventDate "2024.11.16"]

1. c4 Nf6 2. Nf3 e6 3. b3 d5 4. Bb2 b6 5. cxd5 exd5 6. g3 Bb7 7. Bg2 Be7 8. O-O
O-O 9. e3 c5 10. d4 Na6 11. Nc3 Nc7 12. Rc1 Ne6 13. Re1 Rc8 14. Ne5 Bd6 15. Ne2
Qe7 16. Nf4 Rfd8 17. dxc5 bxc5 18. Ng4 Nxg4 19. Qxg4 Bb8 20. Rcd1 c4 21. bxc4
Rxc4 22. Bxd5 Rxd5 23. Rxd5 Bxf4 24. Rdd1 h5 25. Qe2 Ng5 26. Qxc4 Nf3+ 27. Kf1
Nxh2+ 28. Ke2 Qg5 29. exf4 Qf5 30. Kd2 Nf3+ 31. Kc1 Qa5 32. Qc3 1-0

[Event "Tata Steel Chess India 2024 - Blitz"]
[Site "Kolkata"]
[Date "17.11.2024"]
[Round "13B"]
[White "Nihal, Sarin"]
[Black "Erigaisi, Arjun"]
[Result "0-1"]
[WhiteTitle "GM"]
[BlackTitle "GM"]
[WhiteElo "2676"]
[BlackElo "2799"]
[WhiteFideId "25092340"]
[BlackFideId "35009192"]
[EventDate "2024.11.16"]

1. Nf3 Nf6 2. b3 c5 3. Bb2 Nc6 4. e3 g6 5. d4 cxd4 6. Nxd4 Bg7 7. Be2 O-O 8. O-O
d5 9. Nxc6 bxc6 10. c4 Bf5 11. Nc3 Qd7 12. Na4 Rfd8 13. Rc1 Qd6 14. h3 e5 15.
cxd5 cxd5 16. Nc5 Qe7 17. Qd2 a5 18. Rfd1 h5 19. Qe1 h4 20. Bf1 Nh5 21. Na4 Qf6
22. f4 Re8 23. Rxd5 Qe6 24. Rxe5 Bxe5 25. Bxe5 Ng3 26. Rc7 Rac8 27. Nc5 Qd5 28.
Bc4 Rxc7 29. Bxd5 Rxc5 30. Bc4 Be6 31. Bd4 Rcc8 32. Qxa5 Bxc4 33. bxc4 Rxc4 34.
Bb2 Rec8 35. Qe5 Rc1+ 0-1

[Event "Tata Steel Chess India 2024 - Blitz"]
[Site "Kolkata"]
[Date "17.11.2024"]
[Round "14B"]
[White "Praggnanandhaa, Rameshbabu"]
[Black "Abdusattorov, Nodirbek"]
[Result "0-1"]
[WhiteTitle "GM"]
[BlackTitle "GM"]
[WhiteElo "2737"]
[BlackElo "2777"]
[WhiteFideId "25059530"]
[BlackFideId "14204118"]
[EventDate "2024.11.16"]

1. e4 e5 2. Nf3 Nc6 3. Bc4 Nf6 4. d3 Be7 5. Nc3 d6 6. a3 O-O 7. h3 Be6 8. Nd5
Bxd5 9. exd5 Nb8 10. O-O Nbd7 11. Ba2 c6 12. dxc6 bxc6 13. Re1 a5 14. c4 a4 15.
Bb1 Re8 16. Bc2 Qa5 17. Bd2 Qa6 18. Bc3 Bf8 19. b4 axb3 20. Bxb3 e4 21. dxe4
Nxe4 22. Bd4 g6 23. Re3 Nec5 24. Rxe8 Rxe8 25. Bc3 Nxb3 26. Qxb3 Rb8 27. Qa2 Qa4
28. Qe2 Qb3 29. Bd4 c5 30. Be3 Bg7 31. Rd1 Nb6 32. Rxd6 Nxc4 33. Rc6 Nxe3 34.
Qxe3 Bf8 35. Nd2 Qxe3 36. fxe3 Rb2 37. Ne4 Rb3 38. Rc8 Kg7 39. Nxc5 Rxe3 40. a4
Bd6 41. Rc6 Bg3 0-1

[Event "Tata Steel Chess India 2024 - Blitz"]
[Site "Kolkata"]
[Date "17.11.2024"]
[Round "14B"]
[White "Carlsen, Magnus"]
[Black "Keymer, Vincent"]
[Result "1/2-1/2"]
[WhiteTitle "GM"]
[BlackTitle "GM"]
[WhiteElo "2831"]
[BlackElo "2733"]
[WhiteFideId "1503014"]
[BlackFideId "12940690"]
[EventDate "2024.11.16"]

1. Nf3 Nf6 2. g3 c5 3. Bg2 Nc6 4. O-O e5 5. e4 Be7 6. d3 d6 7. Nc3 Bg4 8. h3 Be6
9. Ng5 Bd7 10. f4 h6 11. Nf3 Nd4 12. fxe5 Nxf3+ 13. Qxf3 dxe5 14. Nd5 Be6 15. c4
O-O 16. Nxe7+ Qxe7 17. Bxh6 gxh6 18. Qxf6 Qxf6 19. Rxf6 Kg7 20. Rf3 a5 21. a4
Ra6 22. b3 Rb6 23. Ra3 Rd8 24. Kf2 Rdd6 25. Ke3 Rb4 26. Kd2 Rbb6 27. Kc3 Bd7 28.
Ra2 Rf6 29. Rxf6 Rxf6 30. Re2 Rg6 31. Re3 Rf6 32. Kd2 Rf2+ 33. Re2 Rxe2+ 34.
Kxe2 b6 35. Kf2 Kg6 36. Bf1 Be6 37. Be2 Bd7 38. Kg2 Be6 39. g4 f6 40. Kg3 Bd7
41. h4 Be6 1/2-1/2

[Event "Tata Steel Chess India 2024 - Blitz"]
[Site "Kolkata"]
[Date "17.11.2024"]
[Round "14B"]
[White "Vidit, Santosh Gujrathi"]
[Black "Nihal, Sarin"]
[Result "1-0"]
[WhiteTitle "GM"]
[BlackTitle "GM"]
[WhiteElo "2739"]
[BlackElo "2676"]
[WhiteFideId "5029465"]
[BlackFideId "25092340"]
[EventDate "2024.11.16"]

1. c4 b6 2. d4 Bb7 3. Nc3 e6 4. a3 Nf6 5. Nf3 Ne4 6. Nxe4 Bxe4 7. Bf4 Be7 8. e3
O-O 9. Bd3 Bb7 10. h4 f5 11. Qe2 Bd6 12. Ne5 Nc6 13. O-O-O a5 14. Rhg1 Nxe5 15.
dxe5 Bc5 16. g4 Qe7 17. Bg5 Qe8 18. gxf5 exf5 19. Bf6 Rf7 20. Bxf5 Kh8 21. Rxg7
Rxg7 22. Rxd7 Bf8 23. Qg4 1-0

[Event "Tata Steel Chess India 2024 - Blitz"]
[Site "Kolkata"]
[Date "17.11.2024"]
[Round "14B"]
[White "Erigaisi, Arjun"]
[Black "Dubov, Daniil"]
[Result "1-0"]
[WhiteTitle "GM"]
[BlackTitle "GM"]
[WhiteElo "2799"]
[BlackElo "2693"]
[WhiteFideId "35009192"]
[BlackFideId "24126055"]
[EventDate "2024.11.16"]

1. d4 Nf6 2. c4 e6 3. Nc3 d5 4. cxd5 exd5 5. Bg5 c6 6. e3 Bd6 7. Bd3 O-O 8. Qc2
h6 9. Bh4 Re8 10. Nge2 a5 11. h3 Na6 12. a3 Nc7 13. g4 Ne6 14. f4 Bxf4 15. Bh7+
Kh8 16. exf4 Nxd4 17. Qd3 Nxe2 18. Nxe2 g5 19. fxg5 Nxh7 20. O-O Nxg5 21. Rxf7
Re4 22. Raf1 Bxg4 23. hxg4 Rxg4+ 24. Bg3 Nxf7 25. Rxf7 Qg8 26. Rxb7 Re8 27. Kh2
Qg6 28. Qf3 Rge4 29. Nf4 Qf5 30. Qc3+ d4 31. Qxc6 Re2+ 32. Ng2 R2e6 33. Qc7 Qh5+
34. Kg1 Qd1+ 35. Kh2 Qh5+ 36. Bh4 Qg6 37. Bg3 Qh5+ 38. Bh4 Qg6 39. Bg3 Re2 40.
Qf4 Qh5+ 41. Bh4 Rxg2+ 42. Kxg2 Qg6+ 43. Kh2 Re2+ 44. Bf2 Qh5+ 45. Kg3 Qg6+ 46.
Kh2 Qh5+ 47. Kg1 Qg6+ 48. Kf1 Re8 49. Bxd4+ Kg8 50. Rg7+ 1-0

[Event "Tata Steel Chess India 2024 - Blitz"]
[Site "Kolkata"]
[Date "17.11.2024"]
[Round "14B"]
[White "Narayanan, S.L."]
[Black "So, Wesley"]
[Result "0-1"]
[WhiteTitle "GM"]
[BlackTitle "GM"]
[WhiteElo "2647"]
[BlackElo "2747"]
[WhiteFideId "5058422"]
[BlackFideId "5202213"]
[EventDate "2024.11.16"]

1. Nf3 d5 2. g3 c5 3. Bg2 Nc6 4. d4 Nf6 5. O-O e6 6. c4 dxc4 7. dxc5 Qxd1 8.
Rxd1 Bxc5 9. Nbd2 c3 10. bxc3 O-O 11. Nb3 Be7 12. Nfd4 Nxd4 13. cxd4 Nd5 14. Bd2
f5 15. Rdc1 b6 16. Bxd5 exd5 17. Bf4 Ba6 18. Rc7 Rf7 19. Rac1 g5 20. Bd2 Bd8 21.
Rxf7 Kxf7 22. Rc6 Bxe2 23. Rh6 Kg7 24. Rd6 Bc4 25. Rd7+ Kg6 26. Bb4 Bf6 27. f4
g4 28. Bd6 Rd8 29. Rxd8 Bxd8 30. Kf2 Kf7 31. Nc1 Ke6 32. Be5 b5 33. Ke3 a5 34.
Kd2 a4 35. Kc2 h5 36. Nb3 axb3+ 37. axb3 Bf1 38. b4 Be7 39. Kc3 h4 40. Bc7 Bc4
41. Ba5 h3 42. Kd2 0-1

[Event "Tata Steel Chess India 2024 - Blitz"]
[Site "Kolkata"]
[Date "17.11.2024"]
[Round "15B"]
[White "Dubov, Daniil"]
[Black "Vidit, Santosh Gujrathi"]
[Result "0-1"]
[WhiteTitle "GM"]
[BlackTitle "GM"]
[WhiteElo "2693"]
[BlackElo "2739"]
[WhiteFideId "24126055"]
[BlackFideId "5029465"]
[EventDate "2024.11.16"]

1. d4 d5 2. Nf3 Nf6 3. c4 c6 4. cxd5 cxd5 5. Nc3 Nc6 6. Bf4 Ne4 7. e3 e6 8. Bd3
g5 9. Bg3 Nxg3 10. hxg3 h6 11. g4 Bg7 12. a3 Bd7 13. Ne2 Qb6 14. Ng3 Qxb2 15.
O-O Qb6 16. Nh5 O-O 17. Bc2 Qa6 18. Ne5 Nxe5 19. dxe5 Bxe5 20. f4 Bh8 21. fxg5
hxg5 22. Rf6 Rfc8 23. Rh6 Qd6 24. Rb1 Qe5 25. Qd3 Kf8 26. Rxb7 Rxc2 27. Rxh8+
Qxh8 28. Qxc2 Rc8 29. Qd2 Qa1+ 30. Kf2 Ba4 31. Qb4+ Kg8 32. Qxa4 Qc1 33. Qd4
Rc2+ 34. Kg3 Qe1+ 35. Kh2 Qh4+ 36. Kg1 Rc1+ 0-1

[Event "Tata Steel Chess India 2024 - Blitz"]
[Site "Kolkata"]
[Date "17.11.2024"]
[Round "15B"]
[White "Nihal, Sarin"]
[Black "Carlsen, Magnus"]
[Result "1/2-1/2"]
[WhiteTitle "GM"]
[BlackTitle "GM"]
[WhiteElo "2676"]
[BlackElo "2831"]
[WhiteFideId "25092340"]
[BlackFideId "1503014"]
[EventDate "2024.11.16"]

1. Nf3 c5 2. e3 Nc6 3. Bb5 Nf6 4. O-O a6 5. Bxc6 dxc6 6. a4 Bg4 7. h3 Bh5 8. d3
Nd7 9. e4 e5 10. a5 Bd6 11. Nbd2 Bc7 12. Nc4 f6 13. b3 Nf8 14. Bd2 Ne6 15. Ne3
O-O 16. Nf5 Kh8 17. Ng3 Bf7 18. Kh1 Qd7 19. Be3 Rad8 20. Nd2 g6 21. Nc4 Qe7 22.
Bd2 Nd4 23. Ne2 f5 24. Nxd4 cxd4 25. f3 f4 26. Qe2 Be6 27. Kg1 Rf7 28. Qe1 g5
29. Kf2 h5 30. Ke2 Rh7 31. Rh1 Rg8 32. Kd1 g4 33. hxg4 hxg4 34. Kc1 g3 35. Kb2
Rg7 36. Qe2 Rxh1 37. Rxh1+ Rh7 38. Rg1 Kg8 39. Qe1 Kf7 40. Nb6 Rh2 41. Bb4 Qd8
42. Bc5 Kg6 43. Qb4 Rh7 44. Nc4 Bxc4 45. Qxc4 Kf6 46. b4 Bd6 47. Bxd6 Qxd6 48.
Qb3 Rh8 49. Qc4 Ke7 50. Kb1 Qe6 51. Qc5+ Kd7 52. Kb2 Kc7 53. Qb6+ Kc8 54. Qc5
Kb8 55. Ka3 Ka8 56. Kb2 Qf6 57. Ka3 Rh2 58. Kb2 Rh8 59. Ka3 Kb8 60. Kb2 1/2-1/2

[Event "Tata Steel Chess India 2024 - Blitz"]
[Site "Kolkata"]
[Date "17.11.2024"]
[Round "15B"]
[White "Erigaisi, Arjun"]
[Black "Narayanan, S.L."]
[Result "1-0"]
[WhiteTitle "GM"]
[BlackTitle "GM"]
[WhiteElo "2799"]
[BlackElo "2647"]
[WhiteFideId "35009192"]
[BlackFideId "5058422"]
[EventDate "2024.11.16"]

1. d4 Nf6 2. c4 e6 3. Bg5 h6 4. Bh4 c5 5. d5 exd5 6. cxd5 d6 7. Nc3 Be7 8. Bg3
Nh5 9. e3 Nxg3 10. hxg3 a6 11. a4 Nd7 12. Be2 Bf6 13. Nf3 Qe7 14. Nd2 Bxc3 15.
bxc3 O-O 16. Nc4 Ne5 17. Nb6 Rb8 18. e4 f5 19. Nxc8 Rbxc8 20. exf5 Rxf5 21. O-O
Rcf8 22. f4 Ng6 23. Bg4 Qe3+ 24. Kh2 R5f6 25. Qc2 Ne5 26. Be6+ Rxe6 27. dxe6
Ng4+ 28. Kh3 Qxe6 29. f5 Qf6 30. Rf4 h5 31. Re1 Ne5 32. Qd1 Qg5 33. Qxd6 Ng4 34.
Qe6+ Kh8 35. Qg6 1-0

[Event "Tata Steel Chess India 2024 - Blitz"]
[Site "Kolkata"]
[Date "17.11.2024"]
[Round "15B"]
[White "Keymer, Vincent"]
[Black "Praggnanandhaa, Rameshbabu"]
[Result "1-0"]
[WhiteTitle "GM"]
[BlackTitle "GM"]
[WhiteElo "2733"]
[BlackElo "2737"]
[WhiteFideId "12940690"]
[BlackFideId "25059530"]
[EventDate "2024.11.16"]

1. c4 Nf6 2. Nf3 Nc6 3. d4 e6 4. a3 g6 5. Nc3 Bg7 6. d5 Ne7 7. e4 d6 8. Be2 O-O
9. O-O e5 10. b4 Nd7 11. Be3 h6 12. Qc1 Kh7 13. g4 f5 14. exf5 gxf5 15. gxf5 e4
16. Nxe4 Bxa1 17. Qxa1 Nxf5 18. Bd3 Qe8 19. Ng3 Ne5 20. Nxe5 dxe5 21. Bc5 Rf6
22. f4 Rg6 23. fxe5 b6 24. Bd4 Nxg3 25. hxg3 Kg8 26. Bxg6 Qxg6 27. Qe1 Bh3 28.
Rf6 Qd3 29. Qe3 Qxc4 30. e6 Qxd5 31. Rg6+ Kf8 32. Qxh6+ Ke7 33. Rg7+ 1-0

[Event "Tata Steel Chess India 2024 - Blitz"]
[Site "Kolkata"]
[Date "17.11.2024"]
[Round "15B"]
[White "Abdusattorov, Nodirbek"]
[Black "So, Wesley"]
[Result "0-1"]
[WhiteTitle "GM"]
[BlackTitle "GM"]
[WhiteElo "2777"]
[BlackElo "2747"]
[WhiteFideId "14204118"]
[BlackFideId "5202213"]
[EventDate "2024.11.16"]

1. c4 Nf6 2. Nc3 e5 3. Nf3 Nc6 4. d3 d5 5. cxd5 Nxd5 6. e4 Nf6 7. Be2 Bc5 8. Be3
Bb6 9. O-O Bg4 10. Nd2 Be6 11. Na4 Qd6 12. Nxb6 axb6 13. Kh1 Nd7 14. f4 f6 15.
fxe5 fxe5 16. Bg5 Bf7 17. Rxf7 Kxf7 18. Nc4 Qe6 19. Bg4 Qe8 20. Qb3 Kg6 21. h4
Nd4 22. Qd1 Nf6 23. Be3 Rd8 24. Bh3 h6 25. Bxd4 Rxd4 26. Qf3 Kf7 27. Qf5 Rxc4
28. dxc4 Qc6 29. Rf1 Re8 30. h5 Kg8 31. Qg6 Rf8 32. Bf5 Qxc4 33. Rd1 Qf7 34. Rc1
c6 35. Rd1 Qxg6 36. hxg6 Re8 37. Rd3 b5 38. Rb3 Ra8 39. a3 Kf8 40. Rd3 Ke7 41.
Kh2 Rd8 42. Rb3 Rd4 43. Kh3 Nxe4 44. g3 Kf6 45. Bc8 Nd6 46. Bd7 Kxg6 47. Re3 e4
48. Kg4 Kf6 49. Re1 Ke5 50. Kh5 Rd2 51. Kg6 Rxb2 52. Kxg7 Rg2 53. g4 h5 54. Kf8
hxg4 55. Ke7 Nf5+ 56. Kd8 g3 57. Kc7 e3 58. Kxb7 c5 59. Bxb5 Rb2 60. Ka6 g2 61.
Bc6 Kf4 62. Rc1 Nd4 63. Bd5 Ne2 64. Rc4+ Kg3 65. Bxg2 Kxg2 66. Rxc5 Nf4 67. Rc4
e2 0-1

[Event "Tata Steel Chess India 2024 - Blitz"]
[Site "Kolkata"]
[Date "17.11.2024"]
[Round "16B"]
[White "So, Wesley"]
[Black "Keymer, Vincent"]
[Result "1-0"]
[WhiteTitle "GM"]
[BlackTitle "GM"]
[WhiteElo "2747"]
[BlackElo "2733"]
[WhiteFideId "5202213"]
[BlackFideId "12940690"]
[EventDate "2024.11.16"]

1. e4 e5 2. Nf3 Nc6 3. Bc4 Nf6 4. d3 h6 5. c3 Be7 6. O-O O-O 7. Re1 d6 8. Bb3
Re8 9. Nbd2 Bf8 10. h3 Na5 11. Bc2 c5 12. Nf1 Nc6 13. Ne3 d5 14. exd5 Nxd5 15.
Ng4 Qd6 16. d4 Bxg4 17. hxg4 cxd4 18. g5 dxc3 19. gxh6 cxb2 20. Bxb2 gxh6 21.
Qd3 Nf6 22. Qf5 Qe6 23. Qxe6 Rxe6 24. Bb3 Re7 25. Nxe5 Rae8 26. f4 Bg7 27. Kf1
Nxe5 28. Rxe5 Ng4 29. Rxe7 Rxe7 30. Ba3 Re4 31. Rc1 Rxf4+ 32. Ke1 Re4+ 33. Kf1
Bd4 34. g3 Ne3+ 35. Ke2 Kg7 36. Kd3 Rg4 37. Rc7 Ng2 38. Be6 Rxg3+ 39. Kxd4 Rxa3
40. Rxf7+ Kg6 41. Rxb7 Nf4 42. Bb3 Ra5 43. Kc4 h5 44. Kb4 Ra6 45. Kb5 Rb6+ 46.
Rxb6+ axb6 47. Kxb6 h4 48. a4 h3 49. a5 h2 50. Bc2+ Kf6 51. Be4 Nd3 52. a6 Ke5
53. a7 Kxe4 54. a8=Q+ Kf4 55. Qg2 1-0

[Event "Tata Steel Chess India 2024 - Blitz"]
[Site "Kolkata"]
[Date "17.11.2024"]
[Round "16B"]
[White "Praggnanandhaa, Rameshbabu"]
[Black "Nihal, Sarin"]
[Result "0-1"]
[WhiteTitle "GM"]
[BlackTitle "GM"]
[WhiteElo "2737"]
[BlackElo "2676"]
[WhiteFideId "25059530"]
[BlackFideId "25092340"]
[EventDate "2024.11.16"]

1. d4 Nf6 2. Bg5 d5 3. Nd2 c6 4. e3 Bf5 5. Bxf6 exf6 6. Ngf3 Bd6 7. c4 dxc4 8.
Bxc4 O-O 9. Qb3 Qc7 10. Bd3 Bxd3 11. Qxd3 Nd7 12. O-O Rfe8 13. g3 g6 14. Rfc1 f5
15. a3 Nf6 16. b4 a6 17. Rab1 Qe7 18. a4 Bxb4 19. Nc4 a5 20. Nce5 Rad8 21. Qc2
Nd5 22. Rb3 f6 23. Nd3 Kg7 24. Nf4 Qe4 25. Ne1 Nxf4 26. gxf4 Re7 27. Nd3 Bd6 28.
Rcb1 Rdd7 29. Qd2 Qd5 30. Qd1 h6 31. h4 Kh7 32. Qf1 Rg7 33. Qh3 g5 34. hxg5 fxg5
35. fxg5 Rxg5+ 36. Kf1 Qc4 37. R1b2 Rdg7 38. Ke2 Bb4 39. Qf3 b5 40. axb5 cxb5
41. Qf4 Rf7 42. Kf3 Rg1 43. Ne5 Qd5+ 0-1

[Event "Tata Steel Chess India 2024 - Blitz"]
[Site "Kolkata"]
[Date "17.11.2024"]
[Round "16B"]
[White "Carlsen, Magnus"]
[Black "Dubov, Daniil"]
[Result "1-0"]
[WhiteTitle "GM"]
[BlackTitle "GM"]
[WhiteElo "2831"]
[BlackElo "2693"]
[WhiteFideId "1503014"]
[BlackFideId "24126055"]
[EventDate "2024.11.16"]

1. e4 e5 2. Nf3 Nc6 3. Bb5 a6 4. Ba4 Nf6 5. Nc3 Be7 6. O-O b5 7. Bb3 O-O 8. d3
d6 9. a4 Rb8 10. axb5 axb5 11. h3 h6 12. Re1 Re8 13. Ne2 Bf8 14. Ng3 Be6 15. c3
Bxb3 16. Qxb3 d5 17. Be3 Qd7 18. Ra6 Re6 19. Rea1 b4 20. c4 d4 21. Bd2 Qe8 22.
Qa4 g6 23. Ne2 Nh7 24. Nc1 f5 25. exf5 gxf5 26. Nb3 Rd8 27. Re1 e4 28. Bf4 exf3
29. Rxe6 Qxe6 30. Qxc6 Qe1+ 31. Kh2 Qxf2 32. Qxf3 Qxf3 33. gxf3 Re8 34. Nxd4 Bg7
35. Nxf5 Bxb2 36. Nxh6+ Kf8 37. Bxc7 Re2+ 38. Kg3 b3 39. Rb6 Bc1 40. Bd6+ Ke8
41. Nf5 b2 42. c5 Nf6 43. c6 Nd5 44. Rb8+ Kf7 45. c7 Rc2 46. Nd4 Rc3 47. Rb7 Ke8
48. Be5 Kd7 49. Nf5 Rc2 50. c8=Q+ Kxc8 51. Nd6+ Kd8 52. h4 Re2 53. f4 Rd2 54.
Kg4 Rxd3 55. Kf5 Nc7 56. Nf7+ Ke8 57. Bxc7 Kxf7 58. Be5+ Ke8 59. Bxb2 Bxb2 60.
Rxb2 Kf7 61. Rb7+ Kg8 62. h5 Rh3 63. Kg6 Rg3+ 64. Kf6 Rh3 65. f5 Rh1 66. Rb8+
Kh7 67. Ke7 Re1+ 68. Kf7 Ra1 69. f6 Ra7+ 70. Kf8 Kh6 71. f7 Kh7 72. Ke8 1-0

[Event "Tata Steel Chess India 2024 - Blitz"]
[Site "Kolkata"]
[Date "17.11.2024"]
[Round "16B"]
[White "Narayanan, S.L."]
[Black "Abdusattorov, Nodirbek"]
[Result "0-1"]
[WhiteTitle "GM"]
[BlackTitle "GM"]
[WhiteElo "2647"]
[BlackElo "2777"]
[WhiteFideId "5058422"]
[BlackFideId "14204118"]
[EventDate "2024.11.16"]

1. e4 e5 2. Nf3 Nc6 3. Bb5 Nf6 4. d3 Bc5 5. Bxc6 dxc6 6. Qe2 Nd7 7. Nbd2 b6 8.
Nc4 f6 9. a3 a5 10. O-O Nf8 11. Bd2 Ne6 12. g3 O-O 13. Kh1 a4 14. Rg1 b5 15. Ne3
Bxe3 16. Bxe3 c5 17. Nh4 Bb7 18. f3 g6 19. Rae1 Qd7 20. Qf2 Qc6 21. g4 Rad8 22.
Rg3 c4 23. dxc4 Qxc4 24. Reg1 Nd4 25. Bxd4 Qxd4 26. Qg2 Qd2 27. g5 Qxg2+ 28.
R3xg2 f5 29. exf5 e4 30. f6 exf3 31. Rf2 Rfe8 32. Rgf1 Re5 33. Nxf3 Rxg5 34. h3
Rf5 35. Kh2 Bxf3 36. Rxf3 Rd2+ 37. Kg3 Rxf3+ 38. Rxf3 Rxc2 39. f7+ Kf8 40. Kg4
h6 41. Rf6 Rxb2 42. Rc6 Ra2 43. Rxc7 Rxa3 44. Rb7 Rb3 45. Kf4 a3 46. Ke5 Kg7 47.
Ke6 b4 48. h4 Re3+ 49. Kd6 a2 50. Ra7 b3 0-1

[Event "Tata Steel Chess India 2024 - Blitz"]
[Site "Kolkata"]
[Date "17.11.2024"]
[Round "16B"]
[White "Vidit, Santosh Gujrathi"]
[Black "Erigaisi, Arjun"]
[Result "1-0"]
[WhiteTitle "GM"]
[BlackTitle "GM"]
[WhiteElo "2739"]
[BlackElo "2799"]
[WhiteFideId "5029465"]
[BlackFideId "35009192"]
[EventDate "2024.11.16"]

1. d4 Nf6 2. c4 e6 3. Nf3 c5 4. d5 b5 5. dxe6 fxe6 6. cxb5 d5 7. Nc3 Nbd7 8. e4
Bb7 9. e5 Ng4 10. Ng5 Ngxe5 11. Nxe6 Qe7 12. Nxd5 Nf3+ 13. gxf3 Qxe6+ 14. Ne3
Ne5 15. Be2 Rd8 16. Bd2 Be7 17. Rg1 O-O 18. Qc2 Nxf3+ 19. Bxf3 Bxf3 20. Bc3 g6
21. Qb3 Rd5 22. Qc4 Rfd8 23. Kf1 Qh3+ 24. Ke1 Bh4 25. Rd1 Qe6 26. Rd3 Kf8 27.
Qf4+ Ke8 28. Rxd5 Rxd5 29. Qxf3 Rf5 30. Qa8+ Kf7 31. Qb7+ Kf8 32. Qb8+ Kf7 33.
Qb7+ Kf8 34. Kd1 Rxf2 35. Qa8+ Ke7 36. Qxa7+ Ke8 37. Qa8+ Ke7 38. Nd5+ Kf7 39.
Qb7+ Kf8 40. Qg7+ Ke8 41. Nc7+ 1-0